[Event "5' Festival Internazionale Fermo"]
[Site "Fermo"]
[Date "2022.08.27"]
[Round "6"]
[White "Corvi, Marco"]
[Black "Piva, Giorgio"]
[Result "1-0"]
[WhiteElo "2286"]
[BlackElo "2048"]
[Annotator " "]
[PlyCount "37"]
[EventDate "2022.??.??"]

1. c4 e5 2. Nc3 Nc6 3. Nf3 Bb4 4. Qc2 a5 5. e3 Nf6 6. a3 Be7 7. Nd5 d6 8. b3
Bg4 9. Bb2 O-O 10. Bd3 g6 11. h4 Bxf3 12. gxf3 Nh5 13. O-O-O $1 Nb8 14. Rdg1 $5
c6 15. Nxe7+ Qxe7 16. f4 f5 17. Bxf5 Ng7 $18 18. Bd3 Nd7 19. h5 1-0